| 000 | 01315cam a2200217 4500 | ||
|---|---|---|---|
| 001 | ABS67275 | ||
| 008 | 031113n2003 000 0 eng u | ||
| 035 | _a(Sirsi) u124317 | ||
| 100 | _aWarwick, M. | ||
| 245 | 4 | _aThe third way | |
| 260 | _c2003 | ||
| 490 |
_aEstates Gazette _v(0345) 8 November 2003, 170-172(2) |
||
| 520 | _aConsiders how the courts approach the doctrine of the admissible matrix of fact in the interpretation of contracts. "Investors Compensation Scheme Ltd v West Bromwich Building Society" (HL, X84874) laid down five principles by which contractual documents are to be construed. Principles one and two focus on the matrix of fact, principle three sets a limit on the admissible matrix of fact and principles four and five serve as guidance as to when a court might depart from the natural meaning of words. The article focuses on how "P and S Platt Ltd v Crouch" ([2003] EWCA Civ 110, X124185) applies principle three in holding that pre-contract negotiations were not admissible in a case involving the Law of Property Act 1925 s62. | ||
| 590 | _aABS | ||
| 650 | _aP AND S PLATT LTD V CROUCH | ||
| 650 | _aINVESTORS COMPENSATION SCHEME LTD V WEST BROMWICH BUILDING SOCIETY | ||
| 650 | _aINTERPRETATION | ||
| 650 | _aADMISSIBLE EVIDENCE | ||
| 690 | _aLAW-CASE LAW | ||
| 942 | _n0 | ||
| 999 |
_c73788 _d73788 |
||